| 000 | 00743nam a2200241 a 4500 | ||
|---|---|---|---|
| 001 | BRCA_6281 | ||
| 005 | 20190320205410.0 | ||
| 008 | 030811s19321925nyua######---#000-0#eng-# | ||
| 041 | _aeng | ||
| 044 | _anyu | ||
| 050 | 4 |
_aPN451 _b.M33 1932 |
|
| 100 | 1 |
_aMacy, Jhon Albert _d1877-1932 _915753 |
|
| 245 | 1 | 0 |
_aThe story of the world´s literature _cJohn Macy; illustrated by Onorio Ruotolo. |
| 260 |
_aGarden City, Nueva York _bGarden City _c1932, c1925 |
||
| 300 |
_a613 p. _bil. _c21 cm. |
||
| 500 | _aIncluye lista de ilustraciones e índice alfabético | ||
| 500 | _aK140 | ||
| 504 | _aBibliografía: p. 565-592 | ||
| 650 | 1 | 4 |
_aLiteratura universal _915754 |
| 700 | 1 |
_aRuotolo, Onorio _eil. _915755 |
|
| 902 | _aGFM | ||
| 942 |
_2lcc _cB |
||
| 999 |
_c5968 _d5968 |
||